| 000 | 00622nam a2200241 a 4500 | ||
|---|---|---|---|
| 001 | 0001-1093 | ||
| 003 | ELIB.Books | ||
| 008 | 150116 2010 eng | ||
| 020 | _a9780849948329 | ||
| 035 | _a(ELIB.Books)0001-1248 | ||
| 092 |
_a248.85 _bGra |
||
| 100 | _aGraham, Billy | ||
| 245 |
_aNearing Home _bLife, Faith, and Finishing Well |
||
| 260 |
_aNashville: _bThomas Nelson _c2011 |
||
| 300 |
_a182 _c24 Cm |
||
| 500 | _aC/o Moe Lwai | ||
| 650 | _aChristian Life | ||
| 856 |
_nKBTS; Library _uKBTS; Elib. |
||
| 942 |
_2ddc _cBK |
||
| 990 | _a1 | ||
| 998 |
_cbat _e2015-01-16 |
||
| 999 |
_c11093 _d11093 |
||